| 000 | 00813nam a2200229 a 4500 | ||
|---|---|---|---|
| 001 | 000025406 | ||
| 005 | 20200930023751.0 | ||
| 008 | 110215s1979 mx a r 001 0 spa d | ||
| 040 |
_aDO-SdBNP _bspa _cBNPHU |
||
| 041 | 1 | 7 |
_aspa _heng _2Código de idiomas MARC |
| 082 |
_ann* _bnn* |
||
| 100 | 1 |
_aBarrett, M. A. _952007 |
|
| 240 | 1 | 0 |
_aMilk and beef production in the tropics. _lEspañol |
| 245 | 1 | 0 |
_aProducción lechera y de carne de res en los tropicos / _cM. A. Barrett y P. J. Larkin ; traducción de Agustín Contin. |
| 260 |
_aMéxico, D. F. : _bDiana, _c1979. |
||
| 300 |
_a301 p. : _bil. ; _c21 cm. |
||
| 534 |
_aTítulo original : _tMilk and beef production in the tropics |
||
| 500 | _aIncluye índice. | ||
| 700 | 1 |
_aLarkin, P. J. _952008 |
|
| 700 | 1 |
_aContin, Agustín, _etr. _945783 |
|
| 049 | _aBNGR | ||
| 999 |
_c24898 _d24898 |
||